<?xml version="1.0" encoding="UTF-8"?>
<record
    xmlns:xsi="http://www.w3.org/2001/XMLSchema-instance"
    xsi:schemaLocation="http://www.loc.gov/MARC21/slim http://www.loc.gov/standards/marcxml/schema/MARC21slim.xsd"
    xmlns="http://www.loc.gov/MARC21/slim">

  <leader>00774nam a22002417a 4500</leader>
  <controlfield tag="003">3228</controlfield>
  <controlfield tag="005">20240422113503.0</controlfield>
  <controlfield tag="008">240422b        sa ||||| |||| 00| 0 eng d</controlfield>
  <datafield tag="020" ind1=" " ind2=" ">
    <subfield code="a">0823912310</subfield>
    <subfield code="c">HardCover</subfield>
  </datafield>
  <datafield tag="040" ind1=" " ind2=" ">
    <subfield code="a">3228</subfield>
    <subfield code="b">English</subfield>
    <subfield code="c">rda</subfield>
  </datafield>
  <datafield tag="082" ind1=" " ind2=" ">
    <subfield code="2">23</subfield>
    <subfield code="a">T 172.2 OSB</subfield>
  </datafield>
  <datafield tag="100" ind1=" " ind2=" ">
    <subfield code="a">Osborn K.</subfield>
    <subfield code="9">186392</subfield>
  </datafield>
  <datafield tag="110" ind1=" " ind2=" ">
    <subfield code="a">The Rosen Publishing Group,Inc</subfield>
    <subfield code="9">186393</subfield>
  </datafield>
  <datafield tag="245" ind1=" " ind2=" ">
    <subfield code="a">Justice</subfield>
  </datafield>
  <datafield tag="250" ind1=" " ind2=" ">
    <subfield code="a">First Edition</subfield>
  </datafield>
  <datafield tag="260" ind1=" " ind2=" ">
    <subfield code="a">New York:</subfield>
    <subfield code="b">The Rosen Publishing Group;</subfield>
    <subfield code="c">c1992</subfield>
  </datafield>
  <datafield tag="300" ind1=" " ind2=" ">
    <subfield code="a">64 Pages.;</subfield>
    <subfield code="b">Coloured Pictures</subfield>
    <subfield code="c">24cm</subfield>
  </datafield>
  <datafield tag="520" ind1=" " ind2=" ">
    <subfield code="a">Discusses the meaning of justice and gives examples of "just" behavior and its importance in life. </subfield>
  </datafield>
  <datafield tag="521" ind1=" " ind2=" ">
    <subfield code="a">Junior Non-Fiction-: Juvenile Literature</subfield>
  </datafield>
  <datafield tag="650" ind1=" " ind2=" ">
    <subfield code="2">Justice</subfield>
  </datafield>
  <datafield tag="651" ind1=" " ind2=" ">
    <subfield code="2">South Africa</subfield>
  </datafield>
  <datafield tag="942" ind1=" " ind2=" ">
    <subfield code="2">ddc</subfield>
    <subfield code="c">BOOK</subfield>
    <subfield code="e">23</subfield>
    <subfield code="w">8485</subfield>
    <subfield code="x">Julia Mabuza</subfield>
    <subfield code="y">8485</subfield>
    <subfield code="z">Julia Mabuza</subfield>
  </datafield>
  <datafield tag="999" ind1=" " ind2=" ">
    <subfield code="c">763153</subfield>
    <subfield code="d">763152</subfield>
  </datafield>
</record>
